000 00499nam a2200169Ia 4500
008 131103s9999 xx 000 0 und d
040 _aLoreto College
041 _aEnglish
082 _aTAG/891.441/TAG-BAS
_bLCLIB/21507
100 _aBasu, Sudhasatwa
245 _aRabindrakabyer godhuli porjay
_cSudhasatwa Basu
260 _aCalcutta
_bMondal Book House
_c[19-]
300 _a171p
_c 22cm
650 _aTagore, Rabindranath
651 _aBengali Poetry - History and Criticism
942 _cBK
999 _c19965
_d70444